Metallic materials. Sheet and strip. Determination of tensile strain hardening exponent. ISO 10275 : 2007-06-1
Salvato in:
| Natura: | Libro |
|---|---|
| Lingua: | inglese |
| Edizione: | 2nd ed. |
| Tags: |
Nessun Tag, puoi essere il primo ad aggiungerne!!
|
MARC
| LEADER | 00000nam a22000003a 4500 | ||
|---|---|---|---|
| 001 | stu249364 | ||
| 005 | 20141123145041.6 | ||
| 008 | 120622s----------------------------eng-d | ||
| 040 | |a STU |b slo | ||
| 041 | 0 | |a eng | |
| 245 | |a Metallic materials. Sheet and strip. Determination of tensile strain hardening exponent. ISO 10275 : |b 2007-06-1 | ||
| 250 | |a 2nd ed. | ||
| 300 | |a 10 s | ||
| 996 | |b 284M081198 |c M*N-1490-1 |l MMKN |s A |a 24 |w stu249364_0001 | ||